banner-ar

فى تاريخ مصر فى العصر الفرعونى / (Record no. 59955)

MARC details
000 -الفاتح
حقل البيانات ثابتة الطول 01175nam a22002297a 4500
005 - وقت وتاريخ اخر تعامل مع التسجيلة
رقم الضبط 20240530110345.0
008 - عناصر البيانات ثابتة الطول - معلومات عامة
حقل البيانات ثابتة الطول 141126s2010 ua od frb 000 0 ara d
040 ## - مصدر الفهرسة
وكالة الفهرسة الأصلية EG-CaGPL
041 0# - رمز اللغة
رمز لغة النص/ المسارات الصوتية أو العنوان الانفرادي ara
082 04 - رقم تصنيف ديوى العشرى
رقم الطبعة 21
رقم التصنيف 932\
رقم المادة ق/ح ف
100 0# - المدخل الرئيسى - إسم شخصى
الإسم الشخصى حسن محمد محى الدين السعدى
العنوان والكلمات الأخرى المصاحبة للاسم استاذ تاريخ حضارة مصر والشرق الادنى القديم كلية الاداب جامعة الاسكندرية
245 10 - بيان العنوان
العنوان فى تاريخ مصر فى العصر الفرعونى /
بيان المسئوليه,etc حسن محمد محى الدين السعدى
رقم الجزء/قسم العمل الجزء الاول
اسم جزء/قسم العمل منذ البدايات وحتى طرد الهكسوس
260 ## - PUBLICATION, DISTRIBUTION, ETC. (IMPRINT)
تاريخ النشر أو التوزيع 2010
300 ## - الوصف المادى
التعداد 448 ص :
تفاصيل ماديه اخرى للوعاء ايض ؛
أبعاد الوعاء 24 سم
490 ## - بيان السلسلة
عنوان السلسلة مكتبة الطالب فى التاريخ الحضارى
504 ## - تبصرة ببليوجرافية
تبصرة ببليوجرافية,الخ ببليوجرافية : ص 438 -448
651 04 - المدخل الاضافى بالموضوع - اسم جغرافى
الاسم الجغرافي مصر
التقسيم الفرعي العام تاريخ قديم
651 04 - المدخل الاضافى بالموضوع - اسم جغرافى
الاسم الجغرافي مصر القديمة
التقسيم الفرعي العام تاريخ
التقسيم الفرعي الزمني الدولة الحديثة 1850 -525 ق م
651 04 - المدخل الاضافى بالموضوع - اسم جغرافى
الاسم الجغرافي مصر
التقسيم الفرعي العام تاريخ
التقسيم الفرعي الزمني العصر الفرعونى 2980 -2475 ق م
942 ## - عناصر المدخل الإضافي( كوها)
مصدر التصنيف او مخطط الترفيف Dewey Decimal Classification
Koha [default] item type كتاب
260 ## - PUBLICATION, DISTRIBUTION, ETC. (IMPRINT)
-- الاسكندرية :
-- دار المعرفة الجامعية ،
Holdings
حالة التراجع حالة الفقد حالة تلف ليس للاعارة المكان المؤقت الموقع الحالى تاريخ الاكتساب اجمالي اﻻعارات رقم الطلب الباركود تاريخ اخر مشاهدة تاريخ تفعيل السعر نوع وعاء كوها
        مكتبة القاهرة الكبرى مكتبة القاهرة الكبرى 12/02/2014   932\ ق/ح ف 158920 12/02/2014 12/02/2014 كتاب

Powered By

EGPV